000 00508nam a2200181 a 4500
001 1769763991006
003 YourLibrary
005 20260131161944.0
008 260130s2008##################000#0#eng##
020 _a9780521089173
082 0 4 _a331.9115
_bLOU
100 1 _aLoucks, Daniel P.,
_eauthor.
245 1 0 _aSustainability Criteria for Water Resource Systems :
260 _bCambridge University Press,
_c2008.
650 0 _aScience.
942 _cENGLISH
040 _aYourLibrary
_beng
_cYourLibrary
999 _c609522
_d609522